000 00302nam a22001337a 4500
008 170925b xxu||||| |||| 00| 0 eng d
020 _a9780807738009
041 _aeng
080 _a37
100 _a46
101 _aEDU
245 _aWE CAN'T TEACH WHAT WE DON'T KNOW
_cHOWARD,G.R
942 _2udc
_cBK
999 _c29703
_d29703